00353pab a2200145 454500008004000000100001800040245005100058260000900109300001300118362000800131650001100139650001000150700002500160773002200185180718b2012 xxu||||| |||| 00| 0 eng d aVoicu, Malina aTrends in gender beliefs in Romania: 1993-2008 c2012 ap.61-80. aJan aBelief aWomen aTufis, Paula Andreea aCurrent Sociology